000
00286nam a22001097a 4500
008
160506b xxu||||| |||| 00| 0 eng d
020
_a
0820513008
041
_a
eng
080
_a
61
245
_a
Attorneys textbook of medicine:
_c
Roscoe N. Gray M.D.;Louise J.GordyLL.B.;
942
_2
udc
_c
BK
999
_c
1850
_d
1850